Statistics for Queen Song Initials

Click here to take the quiz!

General Stats

  • This quiz has been taken 89 times
  • The average score is 17 of 30

Answer Stats

InitialsSong% Correct
KQKiller Queen
91%
BRBohemian Rhapsody
88%
UPUnder Pressure
88%
WATCWe Are the Champions
87%
WWRYWe Will Rock You
84%
AOBTDAnother One Bites the Dust
79%
DSMNDon't Stop Me Now
76%
IWTBFI Want to Break Free
76%
LOMLLove of My Life
74%
RGGRadio Ga Ga
72%
FBGFat Bottomed Girls
71%
YMBFYou're My Best Friend
68%
CLTCLCrazy Little Thing Called Love
65%
STLSomebody to Love
65%
TSMGOThe Show Must Go On
65%
AKOMA Kind of Magic
59%
IWIAI Want it All
59%
BRBicycle Race
53%
KYAKeep Yourself Alive
44%
SSORSeven Seas of Rhye
44%
WWTLFWho Wants to Live Forever
43%
TYMDTie Your Mother Down
40%
NIHNow I'm Here
38%
PTGPlay the Game
38%
SHASheer Heart Attack
37%
SMSave Me
34%
SYWSpread Your Wings
29%
IAHLIt's a Hard Life
26%
NYLTNeed Your Loving Tonight
16%
SCCStone Cold Crazy
16%

Score Distribution

Percentile by Number Answered

Percent of People with Each Score

Your Score History

You have not taken this quiz